Normal view
MARC view
Entry Personal Name
001 - CONTROL NUMBER
- control field: 1237854
003 - CONTROL NUMBER IDENTIFIER
- control field: OSt
005 - DATE AND TIME OF LATEST TRANSACTION
- control field: 20260430150546.0
008 - FIXED-LENGTH DATA ELEMENTS
- fixed length control field: 260430|| aca||aabn | a|a d
040 ## - CATALOGING SOURCE
- Original cataloging agency: OSt
- Transcribing agency: OSt
100 ## - HEADING--PERSONAL NAME
- Personal name: Bareja Chanchal Au.; Saluja Daman Gu
670 ## - SOURCE DATA FOUND
- Source citation: Work cat.: (OSt)1850077: Bareja Chanchal Au.; Saluja Daman Gu., An Integrative Approach to Identify P73-Regulated Biomarkers in Colorectal Cancer and to Unravel Their Mechanism in Cancer Progression, 2024
